Statistieken voor Kaart van Canadese Steden Quiz

Klik hier om de quiz te nemen!

Algemene statistieken

  • Deze quiz is 28 keer genomen
  • De gemiddelde score is 8 van 21

Antwoorden op de kaart

Antwoorden kleurgecodeerd door een groen-rode schaal op de quizkaart volgens % correct hieronder.
 

Antwoordstatistieken

Antwoord% Correct
Quebec-Stad
67%
Vancouver
62%
Calgary
57%
Montreal
57%
Ottawa
57%
Toronto
52%
Halifax
48%
Winnipeg
48%
Iqaluit
38%
Victoria
38%
Edmonton
33%
Regina
33%
Yellowknife
33%
Charlottetown
29%
Churchill
29%
St. John's
29%
Fort
McMurray
24%
Thunder Bay
24%
Whitehorse
24%
Windsor
24%
Sault Ste.
Marie
19%

Scoreverdeling

Percentiel versus Aantal Correcte Antwoorden

Procent van Mensen met Elke Score

Uw Scoregeschiedenis

U heeft deze quiz nog niet genomen